Early travels in India, 1583-1619 / (Record no. 23470)
[ view plain ]
| 000 -LEADER | |
|---|---|
| fixed length control field | 00988cam a2200265 4500 |
| 001 - CONTROL NUMBER | |
| control field | 4077365 |
| 003 - CONTROL NUMBER IDENTIFIER | |
| control field | BDDh-ASL |
| 005 - DATE AND TIME OF LATEST TRANSACTION | |
| control field | 20231015030239.0 |
| 008 - FIXED-LENGTH DATA ELEMENTS--GENERAL INFORMATION | |
| fixed length control field | 700908s1968 ii abc b 001 0 eng |
| 010 ## - LIBRARY OF CONGRESS CONTROL NUMBER | |
| LC control number | 71904703 |
| 040 ## - CATALOGING SOURCE | |
| Original cataloging agency | DLC |
| Transcribing agency | DLC |
| Modifying agency | DLC |
| -- | BDDh-ASL |
| 043 ## - GEOGRAPHIC AREA CODE | |
| Geographic area code | a-ii--- |
| 050 00 - LIBRARY OF CONGRESS CALL NUMBER | |
| Classification number | DS411 |
| Item number | .F6 1968 |
| 082 ## - DEWEY DECIMAL CLASSIFICATION NUMBER | |
| Classification number | 910.0954 |
| Item number | FOE |
| 100 1# - MAIN ENTRY--PERSONAL NAME | |
| Personal name | Foster, William, |
| Titles and words associated with a name | Sir, |
| Dates associated with a name | 1863-1951, |
| Relator term | comp. |
| 245 10 - TITLE STATEMENT | |
| Title | Early travels in India, 1583-1619 / |
| Statement of responsibility, etc. | Edited by William Foster. |
| 260 ## - PUBLICATION, DISTRIBUTION, ETC. | |
| Place of publication, distribution, etc. | Delhi: |
| Name of publisher, distributor, etc. | S. Chand |
| Date of publication, distribution, etc. | [1968] |
| 300 ## - PHYSICAL DESCRIPTION | |
| Extent | xiv, 351 p. : |
| Other physical details | illus., maps, ports. |
| Dimensions | 19 cm. |
| 350 ## - PRICE (NR) (BK AM CF MU VM SE) [OBSOLETE] | |
| Price | 20.00 |
| 504 ## - BIBLIOGRAPHY, ETC. NOTE | |
| Bibliography, etc. note | Bibliography: p. [xiii]-xiv. |
| 505 0# - FORMATTED CONTENTS NOTE | |
| Formatted contents note | 1583-91, by Ralph Fitch.--1599-1606, by John Mildenhall.--1608-13, by William Hawkins.--1608-11, by William Finch.--1612-16, by Nicholas Withington.--1612-17, by Thomas Coryat.--1616-19, by Edward Terry. |
| 651 #0 - SUBJECT ADDED ENTRY--GEOGRAPHIC NAME | |
| Geographic name | India |
| General subdivision | Description and travel. |
| 906 ## - LOCAL DATA ELEMENT F, LDF (RLIN) | |
| a | 7 |
| b | cbc |
| c | orignew |
| d | 4 |
| e | ncip |
| f | 19 |
| g | y-gencatlg |
| 942 ## - ADDED ENTRY ELEMENTS (KOHA) | |
| Source of classification or shelving scheme | Dewey Decimal Classification |
| Koha item type | Books |
| Withdrawn status | Lost status | Source of classification or shelving scheme | Damaged status | Not for loan | Collection code | Home library | Current library | Shelving location | Date acquired | Source of acquisition | Total Checkouts | Full call number | Barcode | Date last seen | Copy number | Price effective from | Koha item type | Public note |
|---|---|---|---|---|---|---|---|---|---|---|---|---|---|---|---|---|---|---|
| Dewey Decimal Classification | Non-fiction | Asiatic Society Library | Asiatic Society Library | General Stacks | 03/26/2021 | ASB Library Collections | 910.0954 FOE | 107913 | 03/26/2021 | C-1 | 03/26/2021 | Books | RARE |